Tales of mystery and horror (Record no. 35226)

MARC details
000 -LEADER
fixed length control field 00496nam a2200181Ia 4500
020 ## - INTERNATIONAL STANDARD BOOK NUMBER
ISBN 9780893753696
050 ## - CALL MARK
Classification number PZ 7 .P64/
100 ## - STATEMENT OF RESPONSIBILITY--MAIN AUTHOR NAME
Personal name Poe, Edgar Allan
245 #0 - TITLE STATEMENT
Title Tales of mystery and horror
260 ## - PUBLICATION, DISTRIBUTION, ETC. (IMPRINT)
Place of publication UK
260 ## - PUBLICATION, DISTRIBUTION, ETC. (IMPRINT)
Name of publisher Watermill Press
260 ## - PUBLICATION, DISTRIBUTION, ETC. (IMPRINT)
Year of publication 1980
300 ## - PHYSICAL DESCRIPTION
Number of Pages 132 p
650 ## - SUBJECT ADDED ENTRY--TOPICAL TERM
Topical Term Horror tales, American. Detective and mystery stories, American Mystery and detective stories
942 ## - ADDED ENTRY ELEMENTS (KOHA)
Koha item type Books
Holdings
Withdrawn status Lost status Source of classification or shelving scheme Damaged status Not for loan Permanent Location Current Location Date acquired Accession Number Price effective from Koha item type
    Library of Congress Classification     NILE UNIVERSITY OF NIGERIA - MAIN LIBRARY NILE UNIVERSITY OF NIGERIA - MAIN LIBRARY 04/23/2025 0000343 04/23/2025 Books